00685 2200253 4500001002100000005001500021035002000036245008700056100002200143250000600165300003500171700001800206260004700224082001100271084001700282020001800299650001200317990001700329990001700346990001700363990001700380990001700397990001700414INLIS00000000000089620190315060018 a0010-03190001091 aTsunami :bSang Gelombang Pembunuh /cBeni S. Ambarjaya; Penyunting, Dana Listiana0 aBeni S. Ambarjaya a- aiv, 68 hlm. :bilus. ;c21 cm.0 aDana Listiana aJakarta :bCV Karya Mandiri Pratama,c2006 a551.47 a551.47 BEN t a979-004-029-6 aTsunami a03246/H/2018 a03247/H/2018 a03248/H/2018 a03249/H/2018 a03250/H/2018 a03251/H/2018